000 00658nam a2200229Ia 4500
005 20260430150132.0
008 008 250103s9999 xx 000 0 eng d
037 _aTheses
040 _aCRL
040 _beng
040 _ceng
041 _2eng
041 _aeng
084 _qCRL
100 _aArun Lal Au.; Singh Gurmeet Gu.; Sharma Raj Kishore Gu.
_91236563
245 0 _aStudy of Some dithiocarbamate Compounds as Corrosion inhibitor for Mild Steel in 0.5 M H2 SO4
260 _c2022
650 _aChemistry
700 _aUniversity of Delhi. Faculty of Science. Deptt. of Chemistry
_91236464
942 _cTH
999 _c1849034
_d1849034